00331nam a2200133Ia 4500003000900000008004100009040001300050040001300063100001800076245006600094260002300160300000800183490000600191IT-RoPAU120407s9999 xx 000 0 und d aIT-RoPAU cIT-RoPAU aGeorge Devine aGli affari hanno un'anima? 101 domande su l'etica commerciale aSan Paolo Edizioni c cm v1